MARC details
| 000 -LEADER |
| campo de control de longitud fija |
01974nam a22003975i 4500 |
| 001 - NÚMERO DE CONTROL |
| campo de control |
156473 |
| 003 - IDENTIFICADOR DE NÚMERO DE CONTROL |
| campo de control |
ES-MaACL |
| 005 - FECHA Y HORA DE LA ÚLTIMA TRANSACCIÓN |
| campo de control |
20250825235700.0 |
| 008 - DATOS DE LONGITUD FIJA--INFORMACIÓN GENERAL |
| campo de control de longitud fija |
001106s1752 fr af |||| | fre d |
| 040 ## - FUENTE DE CATALOGACIÓN |
| Centro catalogador/agencia de origen |
CCPB | B |
| Lengua de catalogación |
spa |
| Centro/agencia transcriptor |
CCPB | B |
| 080 ## - NÚMERO DE LA CLASIFICACIÓN DECIMAL UNIVERSAL |
| Número de la Clasificación Decimal Universal |
528.2(02)"17" |
| 100 1# - ENTRADA PRINCIPAL--NOMBRE DE PERSONA |
| Nombre de persona |
Juan, Jorge, |
| Fechas asociadas al nombre |
1713-1773 |
| Término indicativo de función/relación |
Autor |
| 9 (RLIN) |
67092 |
| 245 10 - MENCIÓN DEL TÍTULO |
| Título |
Voyage historique de l'Amérique Méridionale : |
| Resto del título |
fait par ordre du Roi d'Espagne. |
| Número de parte o sección de la obra |
Tome premier / |
| Mención de responsabilidad, etc. |
par Don George Juan... et par Don Antoine de Ulloa... et qui contient une Histoire des yncas du Perou et les Observations astronomiques et physiques, faites pour déterminer la figure et la grandeur de la Terre |
| 246 1# - FORMA VARIANTE DEL TITULO |
| Título propio/Titulo breve |
Histoire des yncas du Perou et les Observations Astronomiques et Physiques, faites pour déterminer la Figure et la Grandeur de la Terre |
| 260 ## - PUBLICACIÓN, DISTRIBUCIÓN, ETC. |
| Lugar de publicación, distribución, etc. |
A Paris : |
| Nombre del editor, distribuidor, etc. |
chez Charles-Antoine Jombert, |
| Fecha de publicación, distribución, etc. |
1752. |
| 300 ## - DESCRIPCIÓN FÍSICA |
| Extensión |
[3], 316, [12], 309, [3] páginas, XLV hojas de láminas. ; |
| Dimensiones |
4º. |
| 597 #1 - NOTA A LA DESCRIPCION FISICA |
| Nota |
Sign.: []\p1\s, A-2Q\p4\s, 2R\p5\s, *\p4\s, A-2Q\p4\s. |
| 597 #1 - NOTA A LA DESCRIPCION FISICA |
| Nota |
Segunda obra con port. y pag. propias |
| 597 #1 - NOTA A LA DESCRIPCION FISICA |
| Nota |
Port. a dos tintas con grab. calc. |
| 599 #1 - NOTA A LAS ILUSTRACIONES |
| Nota |
Front. calc.: "Picart inv. et delin. 1733. Du Flos sculp." |
| 599 #1 - NOTA A LAS ILUSTRACIONES |
| Nota |
Las láminas son grabados calcográficos |
| 650 #4 - PUNTO DE ACCESO ADICIONAL DE MATERIA--TÉRMINO DE MATERIA |
| Término de materia o nombre geográfico como elemento de entrada |
Incas- |
| Subdivisión general |
Historia |
| 9 (RLIN) |
13646 |
| 650 #4 - PUNTO DE ACCESO ADICIONAL DE MATERIA--TÉRMINO DE MATERIA |
| Término de materia o nombre geográfico como elemento de entrada |
Expediciones científicas- |
| Subdivisión geográfica |
América del Sur |
| 9 (RLIN) |
163000 |
| 651 #4 - PUNTO DE ACCESO ADICIONAL DE MATERIA--NOMBRE GEOGRÁFICO |
| Nombre geográfico |
América del Sur- |
| Subdivisión general |
Descripción- |
| Subdivisión cronológica |
S.XVIII |
| 9 (RLIN) |
7714 |
| 651 #4 - PUNTO DE ACCESO ADICIONAL DE MATERIA--NOMBRE GEOGRÁFICO |
| Nombre geográfico |
Perú- |
| Subdivisión general |
Descripción |
| 9 (RLIN) |
157224 |
| 651 #4 - PUNTO DE ACCESO ADICIONAL DE MATERIA--NOMBRE GEOGRÁFICO |
| Nombre geográfico |
Perú- |
| Subdivisión general |
Historia- |
| Subdivisión cronológica |
Epoca prehispánica, hasta 1522 |
| 9 (RLIN) |
9228 |
| 651 #7 - PUNTO DE ACCESO ADICIONAL DE MATERIA--NOMBRE GEOGRÁFICO |
| Nombre geográfico |
Tierra (Planeta) |
| Fuente del encabezamiento o término |
|
| 9 (RLIN) |
155244 |
| 700 1# - ENTRADA AGREGADA--NOMBRE PERSONAL |
| Nombre de persona |
Ulloa, Antonio de, |
| Fechas asociadas al nombre |
1716-1795 |
| Término indicativo de función/relación |
Autor |
| 9 (RLIN) |
156744 |
| 700 1# - ENTRADA AGREGADA--NOMBRE PERSONAL |
| Nombre de persona |
Jombert, Charles-Antoine, |
| Fechas asociadas al nombre |
1712-1784 |
| Término indicativo de función/relación |
Impresor |
| 9 (RLIN) |
222591 |
| 752 ## - ENTRADA AGREGADA--NOMBRE JERÁRQUICO DEL LUGAR |
| País o entidad superior |
Francia - |
| Ciudad |
París |
| 852 ## - LOCALIZACIÓN |
| Ubicación |
ES-MaACL |
| Ubicación en estantería |
Depósito |
| Signatura antigua |
Olim: F-747-48 |
| Marcas de propiedad |
Ex-libris de A. Merino Strada |
| Número de control de estantería |
R-194-95 |
| Encuadernación |
Holandesa |
| 942 ## - ELEMENTOS DE ENTRADA SECUNDARIOS (KOHA) |
| Tipo de ítem Koha |
Libro impreso antiguo |
| Suprimir en OPAC |
No |